Current AAA Roster - Statistics

General Stats
  • This quiz has been taken 4 times
  • The average score is 13 of 63
Answer Stats
Wrestler % Correct
El Hijo del Vikingo
100%
La Parka
75%
Mr. Iguana
75%
Abismo Negro Jr.
50%
Alberto El Patrón
50%
El Hijo de Dr. Wagner Jr.
50%
Lady Shani
50%
Laredo Kid
50%
Monster Clown
50%
Murder Clown
50%
Niño Hamburguesa
50%
Octagón Jr.
50%
Pimpinela Escarlata
50%
Psycho Clown
50%
Aero Star
25%
Chik Tormenta
25%
Cibernético
25%
Dave The Clown
25%
Drago
25%
El Fiscal
25%
El Mesías
25%
Forastero
25%
Lady Wind
25%
La Hiedra
25%
La Parka Negra
25%
Maravilla
25%
Mecha Wolf
25%
Negro Casas
25%
Nobu San
25%
Pagano
25%
Panic Clown
25%
Sansón
25%
Taurus
25%
Adelicious
0%
Andy Panda Jr.
0%
Belcegor
0%
Bengala
0%
Black Andromeda
0%
Centella
0%
Chessman
0%
Colmillo de Plata
0%
Dalys
0%
DMT Azul
0%
Dulce Kanela
0%
El Alebrije
0%
El Cuatrero
0%
Epydemius Jr.
0%
Estrellita
0%
Flammer
0%
Garra de Oro
0%
Jessy Queen
0%
Julissa
0%
Kento
0%
Myzteziz Jr.
0%
Noisy Boy
0%
Parker Boudreaux
0%
Pierroth Jr.
0%
Psicosis
0%
Reina Dorada
0%
Sam Adonis
0%
Sussy Love
0%
Takuma
0%
Valentynna Reis
0%
No matching quizzes found
Score Distribution
Percent of People with Each Score
Percentile by Number Answered
Your Score History
You have not taken this quiz